000 00288nam a22001337a 4500
008 170214b xxu||||| |||| 00| 0 eng d
020 _a06044567X
041 _aeng
080 _a61
100 _a4
101 _aSHM
245 _aMODIFYING VOCAL BEHAVIOUR
_cMONCUR, J.P
942 _2udc
_cBK
999 _c5362
_d5362